1979 1217 1305 1838 1492 1847 1010 1754 1464 1471 1526 1543 1818 1580 1030 1045 1018 1516 1378 1266 1929 1993 1008 1066 1764 1249 1155 1817 1438 1232 1950 1477 1541 1290 1346 1790 1669 1215 1529 1150 1818 1582 1191 1947 1795 1097 1457 1711 1568 1918 1559 1190 1491 1906 1686 1312 1455 1477 1292 1276 1603 1831 1949 1058 1543 1431 1684 1330 1025 1194 1291 1214 1401 1394 1115 1780 1044 1779 1152 1510 1814 1798 1563 1672 1363 1299 1372 1402 1206 1467 1467 1040 1858 1505 1656 1705 1957 1967 1630 BCNSPRNW ULIB Ver.6.0+V

เปลี่ยนเป็นภาษาไทย

Change to English
 แสดงรายละเอียดบรรณานุกรม
  กลับหน้าหลัก

Brief Record : Get Marc (ISO 2709) : E-mail record : QR code < ปิดหน้าต่าง
LEADER : 00000nam 2200000uu 4500
001    13399122503
003     ULIB
008    130709s2552||||th 000 0 tha d
020    ^a9786117010330
090    ^aนว.^bพ572ฟ
100 0  ^aเพลงมีนา
245 00 ^aไฟรักบัลลังก์ฟาโรห์/^cเพลงมีนา
250    ^aพิมพ์ครั้งที่ 1
260    ^aกรุงเทพฯ :^bนกฮูก,^c2552
300    ^a198 หน้า
710 1  ^aนกฮูก
945    ^p157^l0^i19962
995    ^aทศพร
999    ^aทศพร เกษรทอง
รายการนี้ยังไม่มีแท็ก
คุณยังไม่ได้ล็อกอิน คุณสามารถมีกิจกรรมร่วมกับเว็บไซต์ได้ แต่ต้องล็อกอินก่อน ::
  ล็อกอิน

รายการสื่อสารสนเทศ

ลำดับที่ ประเภท เลขเรียก/บาร์โค้ด สถานที่ สถานะ
1. นวนิยาย
นวนิยาย
นว. พ572ฟ  
  Barcode: 19962
ห้องสมุดวิทยาเขตสวรรค์ประชารักษ์
►นวนิยาย
บนชั้น
  ขอยืม

BibComment


ยังไม่เคยถูกคอมเมนท์

คอมเมนท์ทรัพยากรรายการนี้
  คอมเมนท์: ไฟรักบัลลังก์ฟาโ..


 Copyright 2026. Bcnsprnw @Library